[Event "Festival Palio di Fabriano A"]
[Site "Fabriano ITA"]
[Date "2010.06.26"]
[Round "7"]
[White "Consalvo, Gerardo"]
[Black "Guglielmi, Gabriele"]
[Result "1/2-1/2"]
[WhiteElo "2013"]
[BlackElo "2017"]
[PlyCount "121"]
[EventDate "2010.06.20"]

1. e4 Nf6 2. Bc4 d5 3. exd5 Nxd5 4. d4 c6 5. Bd3 Qc7 6. Nf3 Bg4 7. O-O Nd7 8.
Re1 e6 9. c3 Bd6 10. h3 Bh5 11. Nbd2 Nf4 12. Bc2 O-O-O 13. Ne4 Nf6 14. Nxd6+
Qxd6 15. Re5 Ng6 16. Rxh5 Nxh5 17. Ng5 Nhf4 18. Nxf7 Qd5 19. Qg4 h5 20. Qf3
Qxf3 21. gxf3 Nxh3+ 22. Kh2 Nhf4 23. Nxh8 Rxh8 24. Bxf4 Nxf4 25. Rg1 c5 26.
Rxg7 cxd4 27. cxd4 Rd8 28. Be4 Rxd4 29. Kg3 e5 30. Bxb7+ Kd8 31. Be4 Rd1 32.
Rxa7 Rh1 33. Bf5 h4+ 34. Kg4 h3 35. Kg5 Rg1+ 36. Kf6 Nd5+ 37. Kxe5 h2 38. Rh7
h1=Q 39. Rxh1 Rxh1 40. Kxd5 Ra1 41. a3 Ra2 42. b4 Rxa3 43. Be4 Ra2 44. b5 Rxf2
45. Ke5 Ke7 46. b6 Rb2 47. b7 Rb5+ 48. Bd5 Rb1 49. f4 Rb2 50. f5 Re2+ 51. Be4
Rb2 52. f6+ Kd7 53. Bf5+ Ke8 54. Be4 Kd7 55. Bd5 Rb1 56. Be6+ Ke8 57. Bd5 Kd7
58. Kf5 Ke8 59. f7+ Kf8 60. Ke6 Rb6+ 61. Ke5 1/2-1/2

[Event "Festival Palio di Fabriano A"]
[Site "Fabriano ITA"]
[Date "2010.06.26"]
[Round "7"]
[White "Dragojlovic, Andjelko"]
[Black "Pegoraro, Nicola"]
[Result "1-0"]
[WhiteElo "2403"]
[BlackElo "2036"]
[PlyCount "87"]
[EventDate "2010.06.20"]

1. e4 c5 2. Nc3 Nc6 3. Nf3 d6 4. d4 cxd4 5. Nxd4 Nf6 6. g3 e6 7. Bg2 Be7 8. O-O
Bd7 9. b3 Nxd4 10. Qxd4 Qc7 11. Bb2 O-O 12. Rfc1 Bc6 13. Nd1 d5 14. exd5 Bxd5
15. Bxd5 exd5 16. Ne3 Qc5 17. Nf5 Rfe8 18. Re1 Bf8 19. Nh6+ Kh8 20. Nxf7+ Kg8
21. Nh6+ Kh8 22. Qxc5 Bxc5 23. Bxf6 gxf6 24. Rxe8+ Rxe8 25. Kf1 Kg7 26. Nf5+
Kg6 27. Nh4+ Kg5 28. Rd1 Rd8 29. c3 f5 30. b4 Bb6 31. Ng2 d4 32. Nf4 Kf6 33. c4
Rd7 34. Ke2 Bc7 35. Nd5+ Ke5 36. Kd3 b5 37. f4+ Kd6 38. Kxd4 bxc4 39. Kxc4 Kc6
40. b5+ Kb7 41. Re1 Bd6 42. Re6 Rd8 43. Rf6 Rc8+ 44. Kd3 1-0

[Event "Festival Palio di Fabriano A"]
[Site "Fabriano ITA"]
[Date "2010.06.26"]
[Round "7"]
[White "Frontini, Fabio"]
[Black "Guglielmi, Dante"]
[Result "0-1"]
[WhiteElo "1956"]
[BlackElo "1897"]
[PlyCount "40"]
[EventDate "2010.06.20"]

1. e4 c5 2. Nf3 d6 3. c3 Nf6 4. Bd3 Nc6 5. O-O e6 6. Bc2 Be7 7. d4 O-O 8. Re1
cxd4 9. cxd4 e5 10. Nc3 Bg4 11. Be3 exd4 12. Bxd4 Nxd4 13. Qxd4 Bxf3 14. gxf3
Qa5 15. Qe3 Qh5 16. Kh1 Rac8 17. Rad1 Nd7 18. Rd5 Qh3 19. Bb1 Ne5 20. f4 Nf3
0-1

[Event "C.to Italiano Semifinale"]
[Site "Torino ITA"]
[Date "2010.06.20"]
[Round "1"]
[White "Bianco, Valerio"]
[Black "Piscopo, Pierluigi"]
[Result "0-1"]
[WhiteElo "2210"]
[BlackElo "2426"]
[PlyCount "46"]
[EventDate "2010.06.20"]

1. Nf3 d6 2. d4 Bg4 3. e4 Nf6 4. Nbd2 e5 5. c3 exd4 6. cxd4 Be7 7. Qb3 Nbd7 8.
Qxb7 O-O 9. Be2 c5 10. d5 Re8 11. O-O Bf8 12. Bd3 Nb6 13. Ng5 Nfd7 14. f4 h6
15. Nxf7 Kxf7 16. e5 dxe5 17. fxe5+ Kg8 18. e6 Ne5 19. Be4 Rb8 20. Qa6 Nxd5 21.
Bf5 Nb4 22. Qa4 Bxf5 23. Rxf5 Rxe6 0-1

[Event "C.to Italiano Semifinale"]
[Site "Torino ITA"]
[Date "2010.06.20"]
[Round "1"]
[White "Bove, Alessandro"]
[Black "De Florio, Federico"]
[Result "1-0"]
[WhiteElo "2346"]
[BlackElo "2171"]
[PlyCount "79"]
[EventDate "2010.06.20"]

1. e4 c6 2. d4 d5 3. Nc3 dxe4 4. Nxe4 Nd7 5. Ng5 Ndf6 6. N1f3 g6 7. Ne5 Nh6 8.
Bc4 Nd5 9. Ngf3 Bg7 10. O-O O-O 11. Bb3 Nf5 12. Re1 Nc7 13. c3 e6 14. h3 Nd5
15. Bd2 a5 16. c4 Nde7 17. Bc3 b5 18. a3 bxc4 19. Bxc4 Nd6 20. Qa4 Bb7 21. Bf1
Nd5 22. Bd2 Nb6 23. Qc2 Nf5 24. Rad1 Ne7 25. Qc1 Nbd5 26. Ng4 Nf5 27. Nfe5 Kh8
28. Nh6 Qc7 29. Nxf5 gxf5 30. Bf4 Nxf4 31. Qxf4 Qe7 32. Nc4 Qf6 33. Nb6 Rad8
34. Qc7 Ba8 35. Nxa8 Rxa8 36. Qxc6 Rfc8 37. Qf3 Rab8 38. b3 Rc2 39. a4 Rd8 40.
Bc4 1-0

[Event "C.to Italiano Semifinale"]
[Site "Torino ITA"]
[Date "2010.06.20"]
[Round "1"]
[White "Brunello, Marina"]
[Black "Genocchio, Daniele"]
[Result "0-1"]
[WhiteElo "2218"]
[BlackElo "2438"]
[PlyCount "142"]
[EventDate "2010.06.20"]

1. e4 e5 2. Nf3 Nc6 3. d4 exd4 4. Nxd4 Bb4+ 5. c3 Bc5 6. Be3 Bb6 7. Bc4 d6 8.
O-O Ne5 9. Be2 Nf6 10. Nd2 Nfg4 11. Bf4 Qf6 12. Bg3 h5 13. h3 h4 14. Bxe5 Nxe5
15. Nc4 Bd7 16. Nxb6 axb6 17. f4 Ng6 18. Qd2 O-O 19. Bc4 Ne7 20. Rae1 Qh6 21.
a3 Rad8 22. Qf2 c5 23. Ne2 Be6 24. Bd3 f5 25. Nc1 fxe4 26. Bxe4 Bc4 27. Bd3
Bxd3 28. Nxd3 Nf5 29. Qf3 Ng3 30. Qd5+ Kh8 31. Rf3 Rde8 32. Rfe3 Rxe3 33. Rxe3
Nf5 34. Re1 Qg6 35. Qf3 Re8 36. Kf2 Rxe1 37. Nxe1 Qf7 38. Nd3 Ng3 39. Qg4 Nf5
40. Ne1 Qe6 41. Qe2 Qg6 42. Qg4 Qf7 43. Nc2 Qe6 44. Qe2 Qf7 45. Qg4 Qe6 46. Qe2
Qxe2+ 47. Kxe2 d5 48. b4 Kg8 49. Ne1 Nd6 50. Kd3 Kf7 51. Nf3 Nf5 52. Ne5+ Ke6
53. Nf3 Kd6 54. Ne5 c4+ 55. Kd2 b5 56. Nf3 d4 57. Ne5 Kd5 58. Nd7 Nd6 59. cxd4
Kxd4 60. Nf8 Ke4 61. Ne6 Nf5 62. Nc5+ Kxf4 63. Nxb7 Kg3 64. a4 bxa4 65. b5 Ne7
66. Nd6 a3 67. Kc2 Kxg2 68. b6 Nc6 69. Nxc4 g5 70. Nxa3 g4 71. hxg4 h3 0-1

[Event "C.to Italiano Semifinale"]
[Site "Torino ITA"]
[Date "2010.06.20"]
[Round "1"]
[White "Cardani, Roberto"]
[Black "Martorelli, Antonio"]
[Result "0-1"]
[WhiteElo "1998"]
[BlackElo "2259"]
[PlyCount "48"]
[EventDate "2010.06.20"]

1. e4 c5 2. Nf3 e6 3. d4 cxd4 4. Nxd4 a6 5. Bd3 Bc5 6. Nb3 Ba7 7. Nc3 Nc6 8.
Qe2 Nge7 9. Bf4 d6 10. a4 O-O 11. O-O-O e5 12. Bg5 Be6 13. Nd5 f6 14. Be3 Nd4
15. Bxd4 exd4 16. Nxe7+ Qxe7 17. Bc4 Rfc8 18. Bxe6+ Qxe6 19. Qd3 Rc4 20. a5
Rac8 21. Rd2 Ra4 22. Kb1 Rc5 23. Rhd1 Rcxa5 24. c3 Qxb3 0-1

[Event "C.to Italiano Semifinale"]
[Site "Torino ITA"]
[Date "2010.06.20"]
[Round "1"]
[White "Damia, Angelo"]
[Black "Rota, Simone"]
[Result "1-0"]
[WhiteElo "2281"]
[BlackElo "2019"]
[PlyCount "69"]
[EventDate "2010.06.20"]

1. e4 c5 2. Nf3 d6 3. d4 cxd4 4. Qxd4 Nc6 5. Bb5 Bd7 6. Bxc6 Bxc6 7. c4 Nf6 8.
Nc3 g6 9. Be3 Bg7 10. Qd3 O-O 11. O-O a6 12. Rfd1 Qa5 13. Bd4 Rfd8 14. b4 Qh5
15. Nd5 Nxd5 16. exd5 Bd7 17. Bxg7 Kxg7 18. Qd4+ Kg8 19. Re1 e5 20. Qb6 Bh3 21.
Re3 Bxg2 22. Kxg2 Qg4+ 23. Kh1 Qxc4 24. Qxb7 Rab8 25. Qc6 Qxb4 26. Qxa6 Qb2 27.
Rae1 Ra8 28. Qe2 Rxa2 29. Qxb2 Rxb2 30. Kg2 Rc8 31. Ng5 f5 32. Rh3 Rd2 33. Rxh7
Rc4 34. Ra1 Rg4+ 35. Kf1 1-0

[Event "C.to Italiano Semifinale"]
[Site "Torino ITA"]
[Date "2010.06.20"]
[Round "1"]
[White "Di Paolo, Raffaele"]
[Black "Spinelli, Doriano"]
[Result "1-0"]
[WhiteElo "2343"]
[BlackElo "2112"]
[PlyCount "31"]
[EventDate "2010.06.20"]

1. e4 d5 2. exd5 Nf6 3. c4 g6 4. Nc3 Bg7 5. Nf3 a6 6. d4 O-O 7. a4 c6 8. dxc6
Nxc6 9. Be2 Bf5 10. d5 Nb4 11. Nd4 Nfxd5 12. Nxd5 Bxd4 13. Nxb4 Bxf2+ 14. Kxf2
Qb6+ 15. Be3 Qxb4 16. Qd2 1-0

[Event "C.to Italiano Semifinale"]
[Site "Torino ITA"]
[Date "2010.06.20"]
[Round "1"]
[White "Di Trapani, Davide"]
[Black "Passerotti, Pierluigi"]
[Result "0-1"]
[WhiteElo "1926"]
[BlackElo "2258"]
[PlyCount "78"]
[EventDate "2010.06.20"]

1. e4 c5 2. Nf3 e6 3. d4 cxd4 4. Nxd4 a6 5. Bd3 Bc5 6. Nb3 Be7 7. Nc3 d6 8. O-O
Nf6 9. f4 Nbd7 10. Qe2 Qc7 11. Bd2 b5 12. Rae1 b4 13. Nd1 Bb7 14. Nf2 a5 15.
Nd4 O-O 16. g4 Nc5 17. g5 Nfd7 18. f5 Ne5 19. Qh5 g6 20. Qh6 exf5 21. exf5 Rfe8
22. fxg6 fxg6 23. Ne4 Bxe4 24. Bxe4 Bf8 25. Bd5+ Kh8 26. Qh4 Bg7 27. Bxa8 Rxa8
28. c3 Qb6 29. Re3 Rf8 30. Rh3 Rxf1+ 31. Kxf1 Kg8 32. Be3 bxc3 33. bxc3 Qb1+
34. Kg2 Qxa2+ 35. Qf2 Qd5+ 36. Nf3 Ncd3 37. Qd2 a4 38. Bd4 Nxf3 39. Rxf3 Ne5
0-1

[Event "C.to Italiano Semifinale"]
[Site "Torino ITA"]
[Date "2010.06.20"]
[Round "1"]
[White "Dvirnyy, Danyyil"]
[Black "Caprio, Guido"]
[Result "1-0"]
[WhiteElo "2459"]
[BlackElo "2224"]
[PlyCount "92"]
[EventDate "2010.06.20"]

1. d4 Nf6 2. c4 c6 3. Nc3 d5 4. Nf3 e6 5. Bg5 dxc4 6. g3 Nbd7 7. Bg2 Be7 8. O-O
O-O 9. Qc2 b5 10. a4 b4 11. Ne4 Ba6 12. Nxf6+ Bxf6 13. Bf4 c5 14. Rfd1 Qa5 15.
Bd6 Rfd8 16. Ne5 cxd4 17. Nc6 b3 18. Qe4 Qd5 19. Qf4 g5 20. Bxd5 gxf4 21. Bf3
c3 22. Nb4 c2 23. Nxa6 Rac8 24. Rd3 c1=Q+ 25. Rxc1 Rxc1+ 26. Kg2 fxg3 27. hxg3
Rc3 28. bxc3 dxc3 29. Be4 c2 30. Ba3 b2 31. Bxb2 Bxb2 32. Rxd7 c1=Q 33. Rxd8+
Kg7 34. Bf3 Qc4 35. Nb8 Qxa4 36. Nc6 Ba3 37. Rd7 Bc5 38. Ne5 Kf6 39. Nc6 a6 40.
Rb7 Qc4 41. Rxf7+ Kg5 42. Rf4 Qc3 43. Nd8 Qb3 44. Nf7+ Kg6 45. Ne5+ Kh6 46. Rg4
Qxf3+ 1-0

[Event "C.to Italiano Semifinale"]
[Site "Torino ITA"]
[Date "2010.06.20"]
[Round "1"]
[White "Grinza, Andrea"]
[Black "De Nisi, Roberta"]
[Result "1-0"]
[WhiteElo "2255"]
[BlackElo "1916"]
[PlyCount "73"]
[EventDate "2010.06.20"]

1. d4 f5 2. e4 fxe4 3. Nc3 Nf6 4. Bg5 g6 5. Bc4 Bg7 6. f3 d5 7. Bxf6 exf6 8.
Nxd5 c6 9. Nc3 e3 10. Nge2 Nd7 11. Qd3 Qe7 12. Bb3 Nb6 13. O-O-O Bf5 14. Ne4
O-O-O 15. g4 Bxe4 16. fxe4 Bh6 17. Kb1 Nd7 18. Ng3 Nc5 19. Qc4 Nxb3 20. axb3
Kb8 21. Rhe1 Rhe8 22. b4 Bf4 23. b5 cxb5 24. Qxb5 Bxg3 25. hxg3 Qxe4 26. d5
Qxg4 27. d6 Qd7 28. Qc5 Re5 29. Qc3 Rc8 30. Qb3 Rce8 31. Re2 f5 32. Rd3 Rb5 33.
Rdxe3 Rxe3 34. Qxe3 a6 35. Qe8+ Qxe8 36. Rxe8+ Ka7 37. d7 1-0

[Event "C.to Italiano Semifinale"]
[Site "Torino ITA"]
[Date "2010.06.20"]
[Round "1"]
[White "Iudicello, Massimo"]
[Black "Bentivegna, Francesco"]
[Result "0-1"]
[WhiteElo "2160"]
[BlackElo "2343"]
[PlyCount "40"]
[EventDate "2010.06.20"]

1. e4 e5 2. Nf3 Nc6 3. Bb5 f5 4. d3 fxe4 5. dxe4 Nf6 6. O-O Bc5 7. Bg5 d6 8.
Nc3 O-O 9. Nd5 Kh8 10. c3 Ne7 11. Nxf6 gxf6 12. Bh6 Rg8 13. Bc4 Rg6 14. Qd2 Bh3
15. Ne1 Qd7 16. Kh1 Bxg2+ 17. Nxg2 Qh3 18. f3 Rxh6 19. Ne1 d5 20. Nd3 Be3 0-1

[Event "C.to Italiano Semifinale"]
[Site "Torino ITA"]
[Date "2010.06.20"]
[Round "1"]
[White "La Manna, Andrea"]
[Black "Brunello, Sabino"]
[Result "0-1"]
[WhiteElo "2229"]
[BlackElo "2467"]
[PlyCount "86"]
[EventDate "2010.06.20"]

1. d4 Nf6 2. c4 e6 3. Nc3 Bb4 4. a3 Bxc3+ 5. bxc3 c5 6. f3 d5 7. cxd5 exd5 8.
e3 O-O 9. Bd3 b6 10. Ne2 Re8 11. Ng3 Ba6 12. O-O Bxd3 13. Qxd3 Nc6 14. Ra2 Rc8
15. Re2 Qd7 16. Bb2 cxd4 17. cxd4 Na5 18. e4 Qa4 19. e5 Nd7 20. Nf5 Nc4 21. Bc1
Nf8 22. f4 Ne6 23. Ng3 Na5 24. Bb2 Qb3 25. Qb1 Nc4 26. Rf3 Qb5 27. Qd3 Qa4 28.
Bc3 Qxa3 29. h4 g6 30. f5 Ng7 31. fxg6 fxg6 32. h5 Rc6 33. hxg6 Rxg6 34. Nf5
Ne6 35. Nh4 Rg5 36. Ref2 Rf8 37. Nf5 Rg6 38. Nh4 Rg4 39. Nf5 Qc1+ 40. Rf1 Qg5
41. g3 Rxf5 42. Qxf5 Qxf5 43. Rxf5 Ne3 0-1

[Event "C.to Italiano Semifinale"]
[Site "Torino ITA"]
[Date "2010.06.20"]
[Round "1"]
[White "Manfredi, Vincenzo"]
[Black "Sibilio, Mario"]
[Result "0-1"]
[WhiteElo "2172"]
[BlackElo "2362"]
[PlyCount "80"]
[EventDate "2010.06.20"]

1. d4 Nf6 2. c4 e6 3. Nc3 Bb4 4. e3 O-O 5. a3 Bxc3+ 6. bxc3 c5 7. Bd3 d6 8. e4
Nc6 9. Ne2 e5 10. O-O Re8 11. f3 Nd7 12. Be3 Nb6 13. f4 Na5 14. fxe5 Naxc4 15.
Bc1 cxd4 16. cxd4 dxe5 17. Qb3 Qc7 18. Ra2 Bd7 19. Rc2 Rac8 20. Nc3 Qd6 21. d5
Qc5+ 22. Kh1 Ne3 23. Na4 Nxa4 24. Rxc5 Nxc5 25. Qb1 Nxf1 26. Bxf1 Nxe4 27. Be3
Nf6 28. d6 b6 29. h3 h6 30. Kh2 Nd5 31. Bd2 e4 32. Bb5 Rcd8 33. Bxd7 Rxd7 34.
Qb5 Red8 35. Bxh6 Rxd6 36. Bg5 Rc8 37. h4 Kf8 38. h5 e3 39. Qb1 e2 40. Qh7 Nf6
0-1

[Event "C.to Italiano Semifinale"]
[Site "Torino ITA"]
[Date "2010.06.20"]
[Round "1"]
[White "Mogranzini, Roberto"]
[Black "Fabbri, Mario"]
[Result "1/2-1/2"]
[WhiteElo "2405"]
[BlackElo "2190"]
[PlyCount "191"]
[EventDate "2010.06.20"]

1. e4 e5 2. Nf3 Nc6 3. Bb5 a6 4. Ba4 d6 5. c3 Bd7 6. d4 Nge7 7. d5 Nb8 8. Bc2
Ng6 9. c4 Be7 10. Nc3 O-O 11. O-O h6 12. Be3 a5 13. a3 Na6 14. Qd2 b6 15. Rab1
Nc5 16. b4 Nb7 17. Ne1 Bg5 18. Nd3 Bxe3 19. Qxe3 axb4 20. axb4 Qg5 21. Qxg5
hxg5 22. Ra1 Ne7 23. Rfc1 Rfb8 24. f3 Kf8 25. g3 Ng6 26. Ba4 Bxa4 27. Nxa4 Ke8
28. Nc3 Kd7 29. Nb5 Ne7 30. Kf2 Rh8 31. Kg2 Rhb8 32. Nb2 c6 33. dxc6+ Nxc6 34.
Nd3 Nbd8 35. Nc3 Ne7 36. Rd1 Rxa1 37. Rxa1 Ndc6 38. Ra6 Rb7 39. Nb5 Nc8 40. Kf2
N6a7 41. Nc3 Nc6 42. Ke3 Ra7 43. Rxa7+ N8xa7 44. b5 Na5 45. Nb2 Nc8 46. Nd5 Ke6
47. Kd3 Nb7 48. Nd1 Nc5+ 49. Ke3 Nd7 50. N1c3 Nc5 51. Ke2 Kd7 52. Kf1 Nb3 53.
Ke2 Nc5 54. Ke3 Kd8 55. Nb1 Nd7 56. Nbc3 Nc5 57. h3 Kd7 58. Na2 Na4 59. Kd2 Ne7
60. Nab4 Nc8 61. Nc6 Ke8 62. Kc2 Kd7 63. Ne3 Nc5 64. Nf5 Ne6 65. Kd3 Ke8 66.
Ne3 Nc5+ 67. Kc2 Kd7 68. Nd5 Ke8 69. Ncb4 Kd7 70. Kd2 Nb3+ 71. Ke3 Na5 72. Kd3
Nb7 73. Na6 Nc5+ 74. Nxc5+ dxc5 75. h4 gxh4 76. gxh4 g6 77. Ke2 Ke6 78. Kf2 f5
79. Ke3 Kf7 80. Kd3 Kg7 81. Ne3 Nd6 82. Nd5 Nc8 83. f4 fxe4+ 84. Kxe4 Nd6+ 85.
Kxe5 Nxc4+ 86. Ke6 Na3 87. Nc3 Kh6 88. Kf7 Nc4 89. Ke6 Kh5 90. Kd5 Na3 91. Kc6
Kxh4 92. Kxb6 Kg4 93. Kxc5 Nxb5 94. Nd5 Nc3 95. Ne7 Kxf4 96. Nxg6+ 1/2-1/2

[Event "C.to Italiano Semifinale"]
[Site "Torino ITA"]
[Date "2010.06.20"]
[Round "1"]
[White "Nikolajevic, Tihomir"]
[Black "Cocchi, Andrea"]
[Result "0-1"]
[WhiteElo "1914"]
[BlackElo "2244"]
[PlyCount "72"]
[EventDate "2010.06.20"]

1. Nf3 c5 2. g3 Nc6 3. Bg2 g6 4. O-O Bg7 5. c4 e6 6. Nc3 Nge7 7. d3 O-O 8. Bd2
b6 9. Qc1 Bb7 10. Bh6 d5 11. Bxg7 Kxg7 12. b3 d4 13. Ne4 Qd7 14. a3 f5 15. Neg5
h6 16. Nh3 e5 17. Ne1 g5 18. f4 exf4 19. gxf4 g4 20. Nf2 Ng6 21. Nd1 Rae8 22.
e4 dxe3 23. Nxe3 Nd4 24. Rf2 Nxf4 25. Qd2 Bxg2 26. N1xg2 Nh3+ 27. Kf1 Nxf2 28.
Qxf2 f4 29. Nxf4 Rxf4 30. Qxf4 Rf8 31. Qxf8+ Kxf8 32. Ra2 Nf3 33. Nd5 Qf5 34.
Kg2 Qe5 35. Rf2 Qxh2+ 36. Kf1 Qg1+ 0-1

[Event "C.to Italiano Semifinale"]
[Site "Torino ITA"]
[Date "2010.06.20"]
[Round "1"]
[White "Pepino, Enrico"]
[Black "Valsecchi, Alessio"]
[Result "0-1"]
[WhiteElo "2190"]
[BlackElo "2370"]
[PlyCount "67"]
[EventDate "2010.06.20"]

1. e4 c5 2. Nf3 d6 3. d4 cxd4 4. Nxd4 Nf6 5. Nc3 g6 6. Bc4 Bg7 7. h3 O-O 8. Bb3
Nbd7 9. O-O Nc5 10. Re1 Bd7 11. Bg5 a5 12. a4 Nxb3 13. Nxb3 Bc6 14. Nd5 Re8 15.
Bxf6 exf6 16. c3 f5 17. Qd3 fxe4 18. Rxe4 Qg5 19. c4 Rxe4 20. Qxe4 Re8 21. Qg4
Qxg4 22. hxg4 Bxd5 23. cxd5 Bxb2 24. Ra2 Bc3 25. Rc2 Bb4 26. Rc7 Re5 27. Rxb7
Rxd5 28. Rb5 Rd1+ 29. Kh2 Be1 30. Nxa5 Rd4 31. Kg3 Rxa4 32. Nc6 Ra3+ 33. Kf4
Bxf2 34. Ne7+ 0-1

[Event "C.to Italiano Semifinale"]
[Site "Torino ITA"]
[Date "2010.06.20"]
[Round "1"]
[White "Ricci, Marco"]
[Black "Sbarra, Marco"]
[Result "0-1"]
[WhiteElo "2094"]
[BlackElo "2309"]
[PlyCount "40"]
[EventDate "2010.06.20"]

1. e4 e5 2. Nf3 Nc6 3. Bb5 a6 4. Bxc6 dxc6 5. O-O Ne7 6. Nxe5 Qd4 7. Nf3 Qxe4
8. Re1 Qg6 9. Ne5 Qf5 10. d3 h5 11. Nd2 Be6 12. Nb3 O-O-O 13. Qe2 Ng6 14. Nxg6
Qxg6 15. Qe3 h4 16. Qg5 Qh7 17. Nc5 Rd5 18. Nxe6 Rxg5 19. Nxg5 Qf5 20. h3 Bd6
0-1

[Event "C.to Italiano Semifinale"]
[Site "Torino ITA"]
[Date "2010.06.20"]
[Round "1"]
[White "Santeramo, Domenico"]
[Black "Contin, Daniel"]
[Result "0-1"]
[WhiteElo "1884"]
[BlackElo "2307"]
[PlyCount "62"]
[EventDate "2010.06.20"]

1. e4 c6 2. d4 d5 3. Nc3 dxe4 4. Nxe4 Nd7 5. Bf4 Ngf6 6. Bd3 Nxe4 7. Bxe4 Nf6
8. Bf3 Be6 9. Ne2 Bd5 10. Qd3 e6 11. O-O Be7 12. c4 Bxf3 13. Qxf3 Qb6 14. b3 a5
15. Be3 Qa6 16. Nc3 O-O 17. d5 cxd5 18. cxd5 Bb4 19. Bd4 Bxc3 20. Qxc3 Nxd5 21.
Qg3 f6 22. Rad1 Rad8 23. Qf3 a4 24. h3 Rfe8 25. Rfe1 Qa5 26. Bb2 a3 27. Ba1 e5
28. Qe4 Qb4 29. Qc4 b5 30. Qc6 Nf4 31. Bc3 Ne2+ 0-1

[Event "C.to Italiano Semifinale"]
[Site "Torino ITA"]
[Date "2010.06.20"]
[Round "1"]
[White "Stella, Andrea"]
[Black "Finocchiaro, Gianluca"]
[Result "1/2-1/2"]
[WhiteElo "2308"]
[BlackElo "2087"]
[PlyCount "77"]
[EventDate "2010.06.20"]

1. d4 Nf6 2. c4 c5 3. d5 b5 4. cxb5 a6 5. bxa6 Bxa6 6. Nc3 d6 7. e4 Bxf1 8.
Kxf1 g6 9. g3 Bg7 10. Kg2 O-O 11. Nge2 Nbd7 12. Qc2 e6 13. Rd1 exd5 14. Nxd5
Nxd5 15. Rxd5 Nf6 16. Rd1 Qe7 17. Nc3 Rfe8 18. f3 h6 19. Bf4 Ra6 20. Qd2 Qb7
21. Rab1 g5 22. Bxd6 g4 23. Qf4 gxf3+ 24. Qxf3 Nxe4 25. Nxe4 Rxe4 26. Re1 f5
27. Bxc5 Rxa2 28. Ba3 Bxb2 29. Bxb2 Rxb2+ 30. Rxb2 Qxb2+ 31. Qf2 Qxf2+ 32. Kxf2
Rxe1 33. Kxe1 Kf7 34. Kf2 Kf6 35. Kf3 Ke5 36. Ke3 Kf6 37. Kf4 Ke6 38. h4 Kf6
39. g4 1/2-1/2

[Event "C.to Italiano Semifinale"]
[Site "Torino ITA"]
[Date "2010.06.20"]
[Round "1"]
[White "Vezzosi, Paolo"]
[Black "Racioppo, Paolo"]
[Result "1-0"]
[WhiteElo "2367"]
[BlackElo "2172"]
[PlyCount "115"]
[EventDate "2010.06.20"]

1. d4 f5 2. g3 d6 3. Nf3 Nf6 4. Bg2 g6 5. b4 Bg7 6. Bb2 c6 7. c4 O-O 8. Nbd2
Na6 9. Qb3 Nc7 10. O-O Qe8 11. Rae1 h6 12. e4 fxe4 13. Nxe4 Nxe4 14. Rxe4 Bf5
15. Re3 Qf7 16. Nd2 Ne6 17. Nf3 g5 18. d5 cxd5 19. cxd5 Nc7 20. Nd4 Bc8 21. Qc4
Ne8 22. Qe2 Bf6 23. Ne6 Bxe6 24. dxe6 Qg7 25. Bxf6 Nxf6 26. Bxb7 Rab8 27. Qa6
Ng4 28. Re4 Nxf2 29. Rxf2 Qa1+ 30. Kg2 Rxf2+ 31. Kxf2 Rf8+ 32. Kg2 d5 33. Bxd5
Qd1 34. Re5 Rd8 35. Bf3 Qa1 36. Qe2 Qc1 37. Rd5 Rf8 38. Rc5 Qa3 39. Qe4 Rf6 40.
Rc2 Qa6 41. Re2 Qa4 42. h4 gxh4 43. gxh4 Qe8 44. Kh3 Qf8 45. Rg2+ Kh8 46. Bh5
Qc8 47. Qg4 Qxe6 48. Qxe6 Rxe6 49. Re2 Ra6 50. Be8 Rb6 51. b5 a6 52. a4 axb5
53. axb5 Rb7 54. Bc6 Rc7 55. Re6 Kg7 56. b6 Rc8 57. b7 Rb8 58. Rxe7+ 1-0

[Event "C.to Italiano Semifinale"]
[Site "Torino ITA"]
[Date "2010.06.21"]
[Round "2"]
[White "Bentivegna, Francesco"]
[Black "Rombaldoni, Denis"]
[Result "0-1"]
[WhiteElo "2343"]
[BlackElo "2484"]
[PlyCount "68"]
[EventDate "2010.06.20"]

1. d4 d5 2. Nc3 c6 3. e4 dxe4 4. Nxe4 Bf5 5. Ng3 Bg6 6. h4 h6 7. Nf3 Nd7 8. h5
Bh7 9. Bd3 Bxd3 10. Qxd3 e6 11. Bd2 Qc7 12. O-O-O Ngf6 13. Kb1 c5 14. c4 cxd4
15. Nxd4 a6 16. Bc3 Nc5 17. Qc2 Be7 18. Nf3 Ncd7 19. Rhe1 Qxc4 20. Nf5 Rc8 21.
Rd4 Qb5 22. Nxg7+ Kf8 23. a4 Qb6 24. Nxe6+ fxe6 25. Rf4 Rc5 26. Nd4 e5 27. a5
Rxc3 28. Qxc3 exd4 29. Qc8+ Qd8 30. Qxb7 Nc5 31. Qf3 Kf7 32. Re5 d3 33. Rd5
Qxa5 34. b4 Rb8 0-1

[Event "C.to Italiano Semifinale"]
[Site "Torino ITA"]
[Date "2010.06.21"]
[Round "2"]
[White "Brunello, Sabino"]
[Black "Di Paolo, Raffaele"]
[Result "1-0"]
[WhiteElo "2467"]
[BlackElo "2343"]
[PlyCount "65"]
[EventDate "2010.06.20"]

1. d4 e6 2. c4 f5 3. Nf3 Nf6 4. e3 b6 5. Bd3 Bb7 6. O-O Be7 7. Nc3 O-O 8. d5
Na6 9. e4 fxe4 10. Nxe4 Nxe4 11. Bxe4 Nc5 12. Bc2 a5 13. Ne5 Qe8 14. dxe6 d6
15. Nf7 Nxe6 16. Qd3 g6 17. Nh6+ Kh8 18. Re1 Bf6 19. Qh3 Nd4 20. Rxe8 Raxe8 21.
Bd2 Nxc2 22. Rd1 Nd4 23. Kf1 Re7 24. Re1 Rfe8 25. Rxe7 Rxe7 26. Bc3 c5 27. Ng4
Bg7 28. Qh4 Rf7 29. Qd8+ Rf8 30. Qxd6 Be4 31. Ne3 Re8 32. Ke1 Bxg2 33. Qxb6 1-0

[Event "C.to Italiano Semifinale"]
[Site "Torino ITA"]
[Date "2010.06.21"]
[Round "2"]
[White "Cocchi, Andrea"]
[Black "Bove, Alessandro"]
[Result "1/2-1/2"]
[WhiteElo "2244"]
[BlackElo "2346"]
[PlyCount "89"]
[EventDate "2010.06.20"]

1. Nf3 d6 2. c4 e5 3. Nc3 Be7 4. d4 exd4 5. Nxd4 Nf6 6. e4 O-O 7. Be2 Re8 8.
O-O Bf8 9. f3 a6 10. Bg5 h6 11. Bh4 c6 12. Qc2 b5 13. a3 Qb6 14. Rad1 Nh5 15.
Rfe1 Nf4 16. Bf1 bxc4 17. Bxc4 Be6 18. Na4 Qa7 19. Bf2 c5 20. Nxe6 fxe6 21. b4
Qc7 22. bxc5 dxc5 23. e5 Nc6 24. Qe4 g5 25. Be3 Bg7 26. g3 Nh5 27. f4 gxf4 28.
gxf4 Nd4 29. Bxd4 cxd4 30. Bxe6+ Kh8 31. Rxd4 Nxf4 32. Rd7 Qxe5 33. Qxe5 Bxe5
34. Rxe5 Rxe6 35. Rxe6 Nxe6 36. Rd6 Ng5 37. Rxh6+ Kg7 38. Rc6 Nf3+ 39. Kg2 Nd4
40. Rc3 Kf6 41. Nc5 Ke5 42. a4 a5 43. Nb3 Rg8+ 44. Kf2 Rf8+ 45. Kg2 1/2-1/2

[Event "C.to Italiano Semifinale"]
[Site "Torino ITA"]
[Date "2010.06.21"]
[Round "2"]
[White "De Florio, Federico"]
[Black "Nikolajevic, Tihomir"]
[Result "1/2-1/2"]
[WhiteElo "2171"]
[BlackElo "1914"]
[PlyCount "117"]
[EventDate "2010.06.20"]

1. d4 Nf6 2. Nf3 g6 3. Bg5 Bg7 4. Nbd2 d5 5. e3 c5 6. c3 b6 7. Bd3 Bb7 8. O-O
O-O 9. h3 Nbd7 10. a4 a6 11. Qb1 Re8 12. Re1 Qc8 13. e4 dxe4 14. Nxe4 Nxe4 15.
Bxe4 Bxe4 16. Qxe4 e6 17. Rad1 cxd4 18. Nxd4 Nf6 19. Bxf6 Bxf6 20. Nf3 Qc7 21.
Rd3 Rad8 22. Red1 Rxd3 23. Rxd3 Rc8 24. Nd2 b5 25. axb5 axb5 26. Qb4 Rb8 27.
Ne4 Be7 28. Qb3 Qc4 29. Qc2 b4 30. Rd7 Kf8 31. Rd4 b3 32. Qd2 Qc6 33. Qd3 Ke8
34. Nd2 Qb5 35. Qxb5+ Rxb5 36. Kf1 Bc5 37. Rd3 Be7 38. c4 Rb4 39. Rxb3 Rxb3 40.
Nxb3 Bf6 41. Ke2 Bxb2 42. Kd3 Ke7 43. c5 Kd7 44. Kc4 Kc6 45. Na5+ Kc7 46. Kb5
Bd4 47. f3 Be5 48. c6 Bg3 49. Nb7 Bf2 50. Nc5 Bxc5 51. Kxc5 g5 52. g3 h5 53. h4
gxh4 54. gxh4 f6 55. Kb5 e5 56. Kc5 f5 57. Kd5 e4 58. fxe4 fxe4 59. Kxe4
1/2-1/2

[Event "C.to Italiano Semifinale"]
[Site "Torino ITA"]
[Date "2010.06.21"]
[Round "2"]
[White "De Nisi, Roberta"]
[Black "Manfredi, Vincenzo"]
[Result "0-1"]
[WhiteElo "1916"]
[BlackElo "2172"]
[PlyCount "89"]
[EventDate "2010.06.20"]

1. d4 Nf6 2. c4 c5 3. d5 d6 4. Nc3 g6 5. e4 Bg7 6. Bd3 O-O 7. Nge2 e6 8. O-O
exd5 9. cxd5 b6 10. Rb1 Ba6 11. b3 Re8 12. f3 Bxd3 13. Qxd3 Nbd7 14. Bg5 Ne5
15. Qd2 Qd7 16. h3 a6 17. Be3 Qe7 18. Nc1 b5 19. Nd3 Nxd3 20. Qxd3 Nd7 21. Rbe1
c4 22. bxc4 Ne5 23. Qd2 Nxc4 24. Qd3 Nxe3 25. Qxe3 Rac8 26. Ne2 Rc2 27. a3 Rec8
28. Rc1 Qe5 29. Rxc2 Rxc2 30. Rb1 h5 31. Kh1 Kh7 32. Qd3 Rc4 33. Qe3 f5 34. Qf4
fxe4 35. Qxe5 Bxe5 36. f4 Bd4 37. Rb4 Rxb4 38. axb4 Bb2 39. g4 hxg4 40. hxg4
Ba3 41. Kg2 Bxb4 42. Nd4 Bc3 43. Ne6 a5 44. Ng5+ Kg7 45. Nxe4 0-1